Biblioteca

Referral in pastoral counseling (Registro nro. 36760)

Detalles MARC
000 -LÍDER
Campo fijo de descripción fija 007690000a22002770004500
001 - NÚMERO DE CONTROL
Campo de control 6490
003 - IDENTIFICADOR DEL NÚMERO DE CONTROL
Campo de control CO-MdFUSB
005 - FECHA Y HORA DE LA ULTIMA TRANSACCIÓN
control field 20180622165802.0
008 - ELEMENTOS DE LONGITUD FIJA -- INFORMACIÓN GENERAL
Campo fijo de descripción fija -- Información general 160311b xxu||||| |||| 00| 0 eng d
020 ## - NÚMERO INTERNACIONAL NORMALIZADO PARA LIBROS
Número Internacional Normalizado del libro 0-687-35887-6
040 ## - FUENTE DE CATALOGACIÓN
Agencia de catalogación original CO-MdFUSB
Agencia que realiza la transcripción CO-MdFUSB
Convenciones de la descripción rda
041 0# - CÓDIGO DE IDIOMA
Código de idioma para texto/pista de sonido o título separado
082 04 - NÚMERO DE CLASIFICACIÓN DECIMAL DEWEY
Número de clasificación 253.5
Clave de autor-Numero de item O352r
100 1# - ASIENTO PRINCIPAL--NOMBRE PERSONAL
Nombre personal Oglesby, Wm. B.
245 10 - TÍTULO
Título del Material Referral in pastoral counseling
Mención de responsabilidad, etc. / Wm. B. Oglesby
260 ## - PUBLICACIÓN, DISTRIBUCIÓN, ETC. (PIE DE IMPRENTA)
Lugar de publicación, distribución, etc. Nashville, TN., USA : Abingdon
300 ## - DESCRIPCIÓN FÍSICA
Extensión 139 Pag
337 ## - TIPO DE MEDIO
Fuente rdamedia
Nombre del tipo de medio sin mediación
Código del tipo de medio n
336 ## - TIPO DE CONTENIDO
Término de tipo de contenido texto
Código de tipo de contenido txt
Fuente rdacontent
338 ## - TIPO DE SOPORTE
Fuente rdacarrier
Nombre del tipo de soporte volumen
Código Tipo de soporte nc
504 ## - NOTA DE BIBLIOGRAFÍA, ETC.
Nota de bibliografía, etc Incluye referencias bibliográficas: páginas
653 ## - TÉRMINO DE INDIZACIÓN - NO CONTROLADO
Término no controlado Consejería pastoral
653 ## - TÉRMINO DE INDIZACIÓN - NO CONTROLADO
Término no controlado Cuidado pastoral
653 ## - TÉRMINO DE INDIZACIÓN - NO CONTROLADO
Término no controlado Consejería
942 ## - TIPO DE MATERIAL (KOHA)
Tipo de Item KOHA Libros General
Existencias
Estado de Material Estado de Perdido Forma de Clasificación Estado de Dañado No para Préstamo Colección Tomo Biblioteca de Origen Biblioteca Permanente Fecha de Adquisición Total de Préstamos Signatura Topográfica Código de Barras Última vez visto Ejemplar/Existencia Fecha de Remplazo Tipo de Material
    Dewey Decimal Classification     Colección General   Biblioteca FUSBC Biblioteca FUSBC 04/01/2005   G 253.5 O352r 12942 12/12/2019 Ej. 1 26/01/2016 Libros General

Biblioteca FUSBC | Teléfono: (57+4) 349 88 10 Ext. 141| WhatsApp (+57) 3005338115 
E-mail: biblioteca@unisbc.edu.co | Calle 76 87-14 Robledo Palenque, Medellín, Colombia

Con tecnología Koha